[Event "Rome Elo op 5th"]
[Site "Rome"]
[Date "2009.10.07"]
[Round "3"]
[White "Sellitto, Pietro"]
[Black "Bernardi, Giancarlo"]
[Result "0-1"]
[WhiteElo "1524"]
[BlackElo "1594"]
[PlyCount "86"]
[EventDate "2009.09.16"]
[EventType "swiss"]
[EventRounds "5"]
[EventCountry "ITA"]
[SourceTitle "EXT 2012"]
[Source "ChessBase"]
[SourceDate "2011.11.24"]
[SourceVersion "1"]
[SourceVersionDate "2011.11.24"]
[SourceQuality "1"]

1. d4 Nf6 2. c4 g6 3. Nf3 Bg7 4. e3 d6 5. Be2 0-0 6. 0-0 Nbd7 7. Nc3 e5 8. dxe5 dxe5 9. Nd5 c6 10. Nxf6+ Qxf6 11. Rb1 Nc5 12. b4 Bf5 13. Ra1 Rad8 14. Qe1 Nd3 15. Qc3 Qe7 16. a3 Be4 17. Qb3 Bxf3 18. gxf3 e4 19. Ra2 Qg5+ 20. Kh1 Qh4 21. Bxd3 Rxd3 22. Qc2 Rfd8 23. f4 Qh3 24. Qe2 Qxf1+ 25. Qxf1 Rd1 26. Qxd1 Rxd1+ 27. Kg2 Rxc1 28. f3 Rxc4 29. fxe4 Rxe4 30. Kf3 Rc4 31. Rd2 Kf8 32. Rd8+ Ke7 33. Rb8 b5 34. Rb7+ Ke6 35. Rxa7 Rc3 36. a4 bxa4 37. Rxa4 Bd4 38. Ra6 Rxe3+ 39. Kg2 Kd5 40. Ra5+ Ke4 41. Ra6 Kd5 42. Ra5+ Kc4 43. f5 Kxb4 0-1

[Event "Rome Elo op 5th"]
[Site "Rome"]
[Date "2009.09.16"]
[Round "1"]
[White "Sellitto, Pietro"]
[Black "Scagliarini, Bruno"]
[Result "0-1"]
[WhiteElo "1524"]
[BlackElo "1914"]
[PlyCount "56"]
[EventDate "2009.09.16"]
[EventType "swiss"]
[EventRounds "5"]
[EventCountry "ITA"]
[SourceTitle "EXT 2012"]
[Source "ChessBase"]
[SourceDate "2011.11.24"]
[SourceVersion "1"]
[SourceVersionDate "2011.11.24"]
[SourceQuality "1"]

1. d4 e6 2. e4 d5 3. e5 c5 4. Nf3 Nc6 5. Bb5 Bd7 6. Bxc6 bxc6 7. 0-0 cxd4 8. Nxd4 c5 9. Nf3 Ne7 10. Bg5 Qb6 11. b3 Ng6 12. c4 d4 13. Nbd2 Bc6 14. Rb1 a5 15. Re1 Qb7 16. Qc2 h6 17. Bh4 Nf4 18. Ne4 d3 19. Qd2 Ne2+ 20. Rxe2 dxe2 21. Qxe2 Bxe4 22. Rd1 Bxf3 23. gxf3 Be7 24. Bg3 0-0 25. f4 Rfd8 26. Rc1 Qd7 27. Qh5 Qd3 28. Bh4 Qh3 0-1

[Event "Rome Elo op 4th"]
[Site "Rome"]
[Date "2009.06.17"]
[Round "7"]
[White "Capitani, Roberto"]
[Black "Sellitto, Pietro"]
[Result "0-1"]
[WhiteElo "1596"]
[BlackElo "1485"]
[PlyCount "61"]
[EventDate "2009.05.06"]
[EventType "swiss"]
[EventRounds "7"]
[EventCountry "ITA"]
[SourceTitle "EXT 2011"]
[Source "ChessBase"]
[SourceDate "2010.11.26"]
[SourceVersion "1"]
[SourceVersionDate "2010.11.26"]
[SourceQuality "1"]

1. e4 b6 2. Nf3 Bb7 3. Nc3 g6 4. Bc4 e6 5. b3 Bg7 6. 0-0 Bxe4 7. Re1 Bf5 8. Rb1 Nf6 9. Ba3 d6 10. Nd5 0-0 11. Ne3 Be4 12. d3 Bb7 13. Bb2 d5 14. Ba3 Re8 15. Nxd5 exd5 16. Rxe8+ Qxe8 17. Bxd5 Bxd5 18. c4 Bb7 19. Qd2 Na6 20. d4 Bxf3 21. gxf3 c5 22. Re1 Qd7 23. d5 Nh5 24. Kg2 Qf5 25. Re4 Be5 26. Bb2 Nf4+ 27. Kh1 Nd3 28. Qe2 Nf4 29. Qe3 Nh3 30. Kg2 Ng5 31. f4 0-1

[Event "Rome Elo op 2nd"]
[Site "Rome"]
[Date "2009.02.04"]
[Round "4"]
[White "Piccolo, Giuseppe"]
[Black "Sellitto, Pietro"]
[Result "0-1"]
[WhiteElo "1635"]
[BlackElo "1467"]
[PlyCount "105"]
[EventDate "2009.01.14"]
[EventType "swiss"]
[EventRounds "7"]
[EventCountry "ITA"]
[SourceTitle "EXT 2011"]
[Source "ChessBase"]
[SourceDate "2010.11.26"]
[SourceVersion "1"]
[SourceVersionDate "2010.11.26"]
[SourceQuality "1"]

1. e4 e5 2. d4 exd4 3. c3 Nf6 4. e5 Qe7 5. cxd4 d6 6. Nf3 dxe5 7. dxe5 Nc6 8. Bb5 Qb4+ 9. Nc3 Ne4 10. Bxc6+ bxc6 11. Bd2 Nxd2 12. Qxd2 Ba6 13. Rd1 Bc5 14. Qd7+ Kf8 15. Qxc6 Bb7 16. Qxc7 Qb6 17. Qxb6 Bxb6 18. 0-0 g6 19. Nd5 Bxd5 20. Rxd5 Kg7 21. Rfd1 Rhe8 22. Nd4 Rad8 23. Nf5+ gxf5 24. Rxd8 Bxd8 25. f4 Bb6+ 26. Kf1 Rc8 27. Ke2 Rc4 28. g3 Rc7 29. Rd6 Rc2+ 30. Rd2 Rc6 31. Kf3 Re6 32. Rd7 Kg6 33. h4 f6 34. g4 fxg4+ 35. Kxg4 h5+ 36. Kf3 fxe5 37. fxe5 Rxe5 38. Kf4 Rf5+ 39. Ke4 Rf2 40. Rd6+ Kg7 41. Rd7+ Rf7 42. Rd5 Kh6 43. Rd6+ Kg7 44. Rd5 Kg6 45. Rd6+ Rf6 46. Rd5 Bf2 47. Rg5+ Kh6 48. Ra5 a6 49. b4 Bxh4 50. a4 Be1 51. Rd5 Bxb4 52. Ke5 Rg6 53. Kf5 0-1